| 000 | 00750nam a22002057a 4500 | ||
|---|---|---|---|
| 999 |
_c60418 _d60418 |
||
| 003 | Ge_BSU | ||
| 005 | 20230713161739.0 | ||
| 008 | 230713s2005ge xxu||||| |||| 00| 0 geo d | ||
| 020 | _a9994016873 (სერია) | ||
| 041 | _ageo | ||
| 080 | _a1(410)(092) ფ-66 | ||
| 100 |
_aფიფია, ნინო, ავტ. _919312 |
||
| 245 |
_aტოინბი / _cნინო ფიფია. |
||
| 250 | _a1-ლი გამოცემა. | ||
| 264 |
_aთბილისი : _b დიოგენე, _c2005. |
||
| 300 |
_a27 გვ. ; _b17 სმ. |
||
| 440 |
_aმოაზროვნე _919313 |
||
| 653 | _aტოინბი, არნოლდ. ინგლისელი ფილოსოფოსები. | ||
| 942 |
_2udc _cBK |
||